[Event "Tabor op"]
[Site "Tabor"]
[Date "2013.07.29"]
[Round "3"]
[White "Sustr, Martin"]
[Black "Eder, Antonin"]
[Result "1/2-1/2"]
[WhiteElo "1250"]
[BlackElo "1548"]
[PlyCount "86"]
[EventDate "2013.07.28"]
[EventType "swiss"]
[EventRounds "9"]
[EventCountry "CZE"]
[SourceTitle "CBM 155 Extra"]
[Source "ChessBase"]
[SourceDate "2013.08.26"]
[SourceVersion "1"]
[SourceVersionDate "2013.08.26"]
[SourceQuality "1"]

1. e4 e5 2. Nf3 Nc6 3. d4 exd4 4. Nxd4 Nxd4 5. Qxd4 d6 6. Bc4 Be6 7. Bxe6 fxe6 8. Nc3 a6 9. Be3 Qf6 10. Qxf6 Nxf6 11. 0-0-0 Ng4 12. h3 Nxe3 13. fxe3 0-0-0 14. Rhf1 g6 15. Rf7 Bh6 16. Rf3 Rdf8 17. Rdf1 Bxe3+ 18. Kd1 Bh6 19. g4 Rxf3 20. Rxf3 Rf8 21. Ke2 Rxf3 22. Kxf3 Bd2 23. Ne2 e5 24. Ng3 Bg5 25. Ke2 Kd7 26. Kd3 Kc6 27. Kc4 b5+ 28. Kd3 Kc5 29. c3 a5 30. a3 b4 31. axb4+ axb4 32. c4 c6 33. b3 d5 34. exd5 cxd5 35. cxd5 Kxd5 36. Ne4 Be7 37. Ng3 Bc5 38. Ne4 Be7 39. Ng3 Bh4 40. Ne4 h6 41. Nd2 Bg5 42. Ne4 Bd8 43. Nd2 Bh4 1/2-1/2